Economic history of india (Record no. 1613)

MARC details
000 -LEADER
fixed length control field 00441cam a2200169ua 4500
008 - FIXED-LENGTH DATA ELEMENTS--GENERAL INFORMATION
fixed length control field 110716n ii |||gr||||Z||||||eng
040 ## - CATALOGING SOURCE
Transcribing agency MAIN
082 ## - DEWEY DECIMAL CLASSIFICATION NUMBER
Classification number 330.954
100 ## - MAIN ENTRY--PERSONAL NAME
Personal name Mukerjee, Radhakamal,
Relator term
245 1# - TITLE STATEMENT
Title Economic history of india
Statement of responsibility, etc. by Radhakamal Mukerjee
260 ## - PUBLICATION, DISTRIBUTION, ETC.
Place of publication, distribution, etc. Allahabad:
Name of publisher, distributor, etc. Kitab Mahal.
300 ## - PHYSICAL DESCRIPTION
Extent xxiv; 195p:
Dimensions 23cm.
942 ## - ADDED ENTRY ELEMENTS (KOHA)
Koha item type Books
653 ## - INDEX TERM--UNCONTROLLED
Uncontrolled term Economic
653 ## - INDEX TERM--UNCONTROLLED
Uncontrolled term economic history of india
Holdings
Withdrawn status Lost status Damaged status Not for loan Home library Current library Date acquired Total Checkouts Full call number Barcode Date last seen Copy number Price effective from Koha item type
        Central Library, Naharkatiya College Central Library, Naharkatiya College 19/09/2020   330.954 | MUK 3496 19/09/2020 3 19/09/2020 Books
        Central Library, Naharkatiya College Central Library, Naharkatiya College 19/09/2020   330.954 | MUK 3497 19/09/2020 1 19/09/2020 Books
        Central Library, Naharkatiya College Central Library, Naharkatiya College 19/09/2020   330.954 | MUK 3498 19/09/2020 2 19/09/2020 Books

Naharkatiya College © 2020. All rights reserved.

Powered By